Modern electrical theory /

Bibliographic Details
Main Author: Campbell, Norman Robert, 1880-1949
Format: Book
Language:English
Published: Cambridge : University press, 1907.
Series:Cambridge physical series.
Subjects:

MARC

Tag First Indicator Second Indicator Subfields
LEADER 00000cam a22000001 4500
001 in00001443921
005 20151020110940.0
008 870720s1907 enka b 000 0 eng c
010 |a  08016903  
035 |a (OCoLC)01197333 
035 |9 AJB5641AM 
040 |a DLC/ICU  |c CGU  |d DLC  |d TXA  |d UtOrBLW 
049 |a TXAM 
050 0 0 |a QC518  |b .C2 1907 
100 1 |a Campbell, Norman Robert,  |d 1880-1949. 
245 1 0 |a Modern electrical theory /  |c by Norman Robert Campbell ... 
264 1 |a Cambridge :  |b University press,  |c 1907. 
300 |a xii, 332 pages :  |b diagrams ;  |c 22 cm. 
336 |a text  |b txt  |2 rdacontent 
337 |a unmediated  |b n  |2 rdamedia 
338 |a volume  |b nc  |2 rdacarrier 
490 1 |a Cambridge physical series 
504 |a References at end of each chapter. 
650 0 |a Electromagnetic theory. 
650 0 |a Electrons. 
650 0 |a Matter  |x Constitution. 
830 0 |a Cambridge physical series. 
948 |a c:jls 
999 |a MARS 
999 f f |s 040a4eb9-92e6-3677-b3d0-ca7975499127  |i 418e89f5-d997-333f-8ba0-86689ea7fc61  |t 0 
952 f f |p ric  |a Texas A&M University  |b Rellis Campus  |c Joint Library Facility  |d Remote Storage  |t 0  |e QC518 .C2 1907  |h Library of Congress classification  |i unmediated -- volume  |m A14823676241 
998 f f |a QC518 .C2 1907  |t 0  |l Remote Storage